00628nam a2200193Ia 4500008004100000020001500041082001800056100002500074245004100099250000700140260003800147300002900185500001900214600002700233650001500260942000700275952013700282999001500419240925s9999 xx 000 0 und d a8120308786 a621.38152 BHA aBhattacharya, Pallab 0aSemiconductor Optoelectronic Devices aNA aNew Delhi:bPrentice Hallc,1994. axvii,462p.bNAfOriginal aIncludes Index aElectronic Engineering aTechnology cBK 001040708ELaUITUbUITUd1997-06-25eParamount Book Pvt Ltdg214.00l0o621.38152 BHApQ1061r2024-09-25 07:12:18w2024-09-25yBK c3560d3560